| 000 | 00552nam a22002057a 4500 | ||
|---|---|---|---|
| 003 | OSt | ||
| 005 | 20140310182921.0 | ||
| 008 | 130129t xxu||||| |||| 00| 0 eng d | ||
| 020 | _a9712707016 | ||
| 050 |
_aPL 5535 _b.B814 1997 |
||
| 082 |
_aFIL 899.2103 _b.B814 1997 |
||
| 245 |
_aContemporary fiction by Filipinos in America _cBrainard, Cecilia Manguerra |
||
| 260 |
_aPasig City _bAnvil _c1997 |
||
| 300 |
_a253 p. _c23 cm. |
||
| 521 | _acollege students | ||
| 526 | _c1210L-1700L | ||
| 541 | _j1 | ||
| 562 | _e1 | ||
| 942 |
_2lcc _cBK _kFIL |
||
| 999 |
_c17355 _d17355 |
||